000 01233nam a2200253 i 4500
001 82870
003 ES-MaACL
005 20230906174738.0
007 t|
008 041112s1965 sp ||||1| spa d
110 2 _aInstituto de Jaime Almera de Investigaciones Geológicas (Barcelona).
_bSección de Geomorfología.
_94977
245 1 0 _aMemorias y comunicaciones /
_cInstituto Jaime Almera de Investigaciones Geolgicas.
260 _aBarcelona :
_bConsejo Superior de Investigaciones Científicas,
_c1968.
300 _a108 p., 8 lám. ;
_c25 cm.
505 8 _aContiene: Los Limno cárdidos del Pliocéno de Papiol (Barcelona) / S. Gillet -- Sobre los depósitos pliocénicos y cuaternarios del bajo Ebro / L. Solé Sabarís. -- Una formación turbosa risiense en el subsuelo de Vilanova y la Geltrú
700 1 _aGillet, S.
_956971
700 0 _aSolé Sabarís, L.
_9107131
700 1 _aVillalta, J. F.
_9114982
700 1 _aRosell, J.
_999682
740 4 _aLos limno cárdidos del plioceno de Papiol (Barcelona)
740 0 _aSobre los depósitos pliocénicos y cuaternarios del bajo Ebro.
740 4 _aUna formación turbosa risiense en el subsuelo de Vilanova y la Geltrú.
852 _aES-MaACL
_jC-31250
_bR.61917
999 _c82870
_d82870